Proměny kvality pracovního života /

Hlavní autor: Svobodová, Lenka
Další autoři: Mlezivová, Iveta, Vinopal, Jiří, 1978-, Červenka, Jan, 1973-
Jazyk: Čeština
Vydáno: Praha : Výzkumný ústav bezpečnosti práce, v.v.i., 2015
Vydání: Vydání: první
Témata:
Fyzický popis: 129 stran : ilustrace (převážně barevné) ; 21 cm
Language note: České a anglické resumé
Knihy
Uloženo v:
LEADER 02041nam a2200565 i 4500
001 nkc20162783558
003 CZ PrNK
005 20160404152755.0
007 ta
008 160321s2015 xr a f 000 0 cze
015 |a cnb002783558 
020 |a 978-80-87676-13-4  |q (brožováno) 
035 |a (OCoLC)949215778 
040 |a ABA001  |b cze  |e rda 
041 0 |a cze  |b cze  |b eng 
043 |a e-xr--- 
045 |a x8y1 
072 7 |a 331  |x Práce  |2 Konspekt  |9 4 
080 |a 331  |2 MRF 
080 |a 331.101.32  |2 MRF 
080 |a (437.3)  |2 MRF 
080 |a (048.8:082)  |2 MRF 
100 1 |a Svobodová, Lenka  |7 mzk2009492221  |4 aut 
245 1 0 |a Proměny kvality pracovního života /  |c Svobodová Lenka, Mlezivová Iveta, Vinopal Jiří, Červenka Jan 
250 |a Vydání: první 
264 1 |a Praha :  |b Výzkumný ústav bezpečnosti práce, v.v.i.,  |c 2015 
300 |a 129 stran :  |b ilustrace (převážně barevné) ;  |c 21 cm 
336 |a text  |b txt  |2 rdacontent 
337 |a bez média  |b n  |2 rdamedia 
338 |a svazek  |b nc  |2 rdacarrier 
500 |a Název z obálky 
500 |a 200 výtisků 
504 |a Obsahuje bibliografie a bibliografické odkazy 
546 |a České a anglické resumé 
648 7 |a 20.-21. století  |7 ch462155  |2 czenas 
648 7 |a 1989-2014  |7 ch967354  |2 czenas 
650 0 7 |a práce  |7 ph115908  |z Česko  |y 20.-21. století  |2 czenas 
650 0 7 |a pracovní spokojenost  |7 ph319055  |z Česko  |y 20.-21. století  |2 czenas 
650 0 9 |a labor  |z Czechia  |y 20th-21st centuries  |2 eczenas 
650 0 9 |a job satisfaction  |z Czechia  |y 20th-21st centuries  |2 eczenas 
655 7 |a kolektivní monografie  |7 fd501537  |2 czenas 
655 9 |a collective monographs  |2 eczenas 
700 1 |a Mlezivová, Iveta  |4 aut 
700 1 |a Vinopal, Jiří,  |d 1978-  |7 xx0060059  |4 aut 
700 1 |a Červenka, Jan,  |d 1973-  |7 xx0016617  |4 aut 
910 2 |a BOA001  |b 2-1364.474 
990 |a BK 
995 |a 01 
991 |b 201603  |c NOV 
996 6 |b 2610664720  |c 2-1364.474  |l MZK  |r Sklad / do 1 hodiny  |n 6  |p p.v.  |w 001552206  |u 000010  |a 1  |e BOA001  |j MZK50  |s P